000 00617nam a2200193 a 4500
001 000025757
005 20240412074252.0
008 110222s2003 dr 000 p spa d
040 _aDO-SdBNP
_bspa
_cBNPHU
082 _aRD861.44
_bC527a
100 1 _aChevalier, Reynaldo Paulino
_d1965-
_952562
245 1 0 _aAve de mal agüero /
_cReynaldo Paulino Chevalier (Nan).
260 _aSanto Domingo :
_bLetra Gráfica,
_c2003.
300 _a47 p. ;
_c23 cm.
500 _aIncluye datos biográficos del autor en las solapas
650 0 _aPoesía dominicana
_966
650 0 _aLiteratura dominicana.
_967
049 _aBNPD
999 _c25249
_d25249